Estados de México por foto - Estadísticas

Estadísticas generales
  • Esta prueba ha sido intentada 32 veces
  • La puntuación promedio es 15 de 32
Estadísticas de respuestas
Imagen Respuesta % Correcto
Ciudad de México
93%
Guanajuato
83%
Nuevo León
79%
Chiapas
69%
Chihuahua
69%
Guerrero
69%
Quintana Roo
66%
Tabasco
59%
Yucatán
59%
Baja California Sur
55%
Estado de México
52%
Jalisco
48%
Sinaloa
48%
Hidalgo
45%
Michoacán
45%
Querétaro
45%
San Luis Potosí
45%
Veracruz
45%
Baja California
41%
Nayarit
41%
Puebla
41%
Oaxaca
34%
Durango
31%
Zacatecas
31%
Coahuila
28%
Colima
28%
Aguascalientes
24%
Sonora
24%
Tlaxcala
24%
Campeche
21%
Morelos
17%
Tamaulipas
14%
No se encontraron pruebas coincidentes
Distribución de puntuación
Porcentaje de gente con cada puntuación
Porcentaje por número respondido
Historial de tus puntuaciones
No has intentado esta prueba.